000 00374nam a2200145Ia 4500
008 090122s9999 xx 000 0 und d
082 _b9653
100 _aवाळिंबे
_b
245 _aकपटजाल
600 _aवाळिंबे
630 _aकपटजाल
700 _aवाळिंबे
730 _aकपटजाल
942 _cBOOK
999 _c33730
_d33730